NBA Teams by Last Playoff Result - Statistics

General Stats
  • This quiz has been taken 30 times
  • The average score is 18 of 30
Answer Stats
Last Playoff Result NBA Team % Correct
2023: Lost in First Round vs Golden State Warriors 4-3 Sacramento Kings
95%
2025: Lost in Semifinals vs Minnesota Timberwolves 4-1 Golden State Warriors
90%
2025: Lost in First Round vs Minnesota Timberwolves 4-1 Los Angeles Lakers
86%
2025: Lost in Semifinals vs Oklahoma City Thunder 4-3 Denver Nuggets
81%
2025: Lost in First Round vs Denver Nuggets 4-3 Los Angeles Clippers
76%
2025: Lost in First Round vs Oklahoma City Thunder 4-0 Memphis Grizzlies
76%
2025: Lost in First Round vs Cleveland Cavaliers 4-0 Miami Heat
76%
2024: Lost in First Round vs New York Knicks 4-2 Philadelphia 76ers
67%
2022: Lost in First Round vs Philadelphia 76ers 4-2 Toronto Raptors
67%
2025: Lost in Semifinals vs New York Knicks 4-2 Boston Celtics
62%
2025: Lost in First Round vs New York Knicks 4-2 Detroit Pistons
62%
2025: Lost in NBA Finals vs Oklahoma City Thunder 4-3 Indiana Pacers
62%
2021: Lost in First Round vs Philadelphia 76ers 4-1 Washington Wizards
62%
2023: Lost in First Round vs Boston Celtics 4-2 Atlanta Hawks
57%
2025: Won in NBA Finals vs Indiana Pacers 4-3 Oklahoma City Thunder
57%
2024: Lost in First Round vs Minnesota Timberwolves 4-0 Phoenix Suns
57%
2025: Lost in Semifinals vs Indiana Pacers 4-1 Cleveland Cavaliers
52%
2024: Lost in NBA Finals vs Boston Celtics 4-1 Dallas Mavericks
52%
2025: Lost in First Round vs Indiana Pacers 4-1 Milwaukee Bucks
52%
2025: Lost in Conference Finals vs Indiana Pacers 4-2 New York Knicks
52%
2025: Lost in First Round vs Boston Celtics 4-1 Orlando Magic
52%
2023: Lost in First Round vs Philadelphia 76ers 4-0 Brooklyn Nets
48%
2016: Lost in First Round vs Miami Heat 4-3 Charlotte Hornets
48%
2022: Lost in First Round vs Milwaukee Bucks 4-1 Chicago Bulls
48%
2025: Lost in Conference Finals vs Oklahoma City Thunder 4-1 Minnesota Timberwolves
48%
2025: Lost in First Round vs Golden State Warriors 4-3 Houston Rockets
43%
2022: Lost in First Round vs Dallas Mavericks 4-2 Utah Jazz
43%
2024: Lost in First Round vs Oklahoma City Thunder 4-0 New Orleans Pelicans
38%
2019: Lost in First Round vs Denver Nuggets 4-3 San Antonio Spurs
38%
2021: Lost in First Round vs Denver Nuggets 4-2 Portland Trail Blazers
29%
No matching quizzes found
Score Distribution
Percent of People with Each Score
Percentile by Number Answered
Your Score History
You have not taken this quiz